000 00399nam a2200169Ia 4500
001 2532
003 IN-NITTTR
005 20251114232932.0
008 251113s9999||||xx |||||||||||||| ||eng||
040 _beng
040 _cIN-NITTTR
041 _aeng
082 _a338 B855P
100 _aBuck, Hearn C.
245 0 _aProblems of product design and development /
_cBuck, Hearn C.
942 _2ddc
_cBK
999 _c3974
_d3974